[Event "29th British Rapid 2015"]
[Site "Leeds ENG"]
[Date "2015.10.31"]
[Round "6.2"]
[White "Ansell, Simon T"]
[Black "Fernandez, Daniel Howard"]
[Result "1/2-1/2"]
[WhiteTitle "IM"]
[BlackTitle "IM"]
[WhiteElo "2360"]
[BlackElo "2476"]
[WhiteFideId "402141"]
[BlackFideId "5801605"]
[EventDate "2015.10.31"]

1. e4 c5 2. Nf3 d6 3. Bb5+ Nd7 4. O-O Nf6 5. Re1 e5 6. a4 Be7 7. d3 O-O 8. Bc4
Nb6 9. Bb3 Be6 10. Bxe6 fxe6 11. a5 Nc8 12. Nbd2 Ne8 13. c3 Nc7 14. Qb3 Rb8 15.
d4 cxd4 16. cxd4 exd4 17. Nxd4 Qd7 18. N2f3 Bf6 19. Bg5 Bxd4 20. Nxd4 Qf7 21.
Bh4 Ne7 22. Rac1 Nc6 23. Qc3 Nxd4 24. Qxd4 Nb5 25. Qd3 a6 26. f3 Rbc8 1/2-1/2

[Event "29th British Rapid 2015"]
[Site "Leeds ENG"]
[Date "2015.10.31"]
[Round "6.3"]
[White "Nicholson, Jim W R"]
[Black "Ghasi, Ameet K"]
[Result "0-1"]
[BlackTitle "IM"]
[WhiteElo "2010"]
[BlackElo "2469"]
[WhiteFideId "417041"]
[BlackFideId "409200"]
[EventDate "2015.10.31"]

1. d4 Nf6 2. Nf3 g6 3. Bg5 Bg7 4. Nbd2 d6 5. e4 O-O 6. c3 h6 7. Bh4 c5 8. dxc5
dxc5 9. Bc4 Nc6 10. Qe2 Nh5 11. Qe3 b6 12. O-O Qc7 13. Bg3 Nxg3 14. hxg3 Bg4 15.
Nh2 Bd7 16. a4 Na5 17. Be2 c4 18. Bf3 Rad8 19. Rfd1 Bc8 20. Ng4 h5 21. Nh2 Be6
22. Qe1 Qc5 23. Nhf1 Bh6 24. Ne3 Rd3 25. Ndf1 Nb3 26. Rab1 Qe5 27. Nc2 Nc5 28.
Nb4 Rd7 29. Nc6 Qf6 30. Nd4 Rfd8 31. Ne3 Nd3 32. Qe2 Rxd4 33. cxd4 Qxd4 34. Nd5
Rxd5 35. exd5 Bf5 36. Ra1 a6 37. Rf1 Bg5 38. Rad1 Kg7 39. Kh2 Qxb2 40. Qxb2+
Nxb2 41. d6 exd6 42. Rxd6 Nxa4 43. Bd1 Nb2 44. Rxb6 c3 45. Rxa6 Bd3 46. Bc2 Bxa6
47. f4 Bxf1 48. fxg5 Bd3 49. Bxd3 Nxd3 0-1

[Event "29th British Rapid 2015"]
[Site "Leeds ENG"]
[Date "2015.10.31"]
[Round "6.4"]
[White "Jones, Steven A"]
[Black "Walton, Alan J"]
[Result "1/2-1/2"]
[BlackTitle "CM"]
[WhiteElo "2160"]
[BlackElo "2205"]
[WhiteFideId "419630"]
[BlackFideId "409898"]
[EventDate "2015.10.31"]

1. e4 e6 2. d4 d5 3. Nc3 Nf6 4. Bg5 Bb4 5. e5 h6 6. Bc1 Ne4 7. Qg4 Kf8 8. Ne2 c5
9. a3 Bxc3+ 10. bxc3 cxd4 11. cxd4 Qc7 12. f3 Nc3 13. Bd2 Nxe2 14. Bxe2 Nc6 15.
Rb1 Na5 16. Rb5 Nc4 17. Rc5 Qb6 18. Bb4 Kg8 19. Bxc4 dxc4 20. O-O a5 21. Bxa5
Rxa5 22. Rxc8+ Kh7 23. Qe4+ g6 24. Rxc4 Rxa3 25. Qf4 Rf8 26. h4 Qd8 27. Rb1 Ra7
28. Qe4 Qd7 29. Rb6 Rb8 30. Rd6 Qe7 31. g3 h5 32. d5 exd5 33. Qxd5 b5 34. Rd4
Rc8 35. Qe4 Ra1+ 36. Kg2 Rc1 37. Rd2 Qa7 38. Rf2 Qxf2+ 39. Kxf2 R8xc2+ 40. Ke3
Re1+ 41. Kd3 Rxe4 42. Kxe4 Re2+ 43. Kf4 Kg7 44. Rb6 Rb2 45. Rb7 Kg8 46. Kg5 Rb3
47. e6 Rxf3 48. e7 Kg7 49. e8=N+ Kf8 50. Nd6 Kg7 51. g4 hxg4 52. Kxg4 Rf1 53.
Rxb5 Rg1+ 54. Kf4 Rf1+ 55. Ke5 f6+ 56. Ke6 Re1+ 57. Kd7 Rh1 58. Rb4 g5 59. Ke6
Kg6 60. hxg5 Re1+ 61. Kd5 Rd1+ 62. Ke6 Re1+ 63. Kd5 Rd1+ 64. Kc5 fxg5 65. Ne4
Kf5 66. Nf2 Rf1 67. Ng4 Rf4 68. Ne3+ Ke5 69. Rb8 Ke4 70. Re8+ Kf3 71. Nd5 Rf5
72. Re3+ Kf2 73. Re4 Kf3 74. Kd4 g4 75. Ne3 Ra5 76. Rxg4 1/2-1/2

[Event "29th British Rapid 2015"]
[Site "Leeds ENG"]
[Date "2015.11.01"]
[Round "7.1"]
[White "Ansell, Simon T"]
[Black "Hebden, Mark L"]
[Result "1-0"]
[WhiteTitle "IM"]
[BlackTitle "GM"]
[WhiteElo "2360"]
[BlackElo "2490"]
[WhiteFideId "402141"]
[BlackFideId "400084"]
[EventDate "2015.10.31"]

1. e4 e5 2. Nf3 Nc6 3. Bb5 a6 4. Ba4 Nf6 5. d3 d6 6. Bxc6+ bxc6 7. O-O Be7 8.
Re1 c5 9. Nc3 O-O 10. h3 c6 11. b3 Ne8 12. Ne2 f5 13. exf5 Bxf5 14. Ng3 Bg6 15.
Bb2 Nc7 16. c3 Nd5 17. d4 exd4 18. cxd4 Bf6 19. Re2 Nf4 20. Rd2 c4 21. bxc4 Rb8
22. Ba3 Qd7 23. Ne5 Qc7 24. Nxg6 Nxg6 25. Ne4 Be7 26. Qg4 Nf4 27. g3 h5 28. Qd1
Nxh3+ 29. Kg2 d5 30. Bxe7 Qxe7 31. Nc5 Nxf2 32. Qxh5 Ne4 33. Re2 Qd6 34. Nxe4
dxe4 35. Rh1 Qxd4 36. Qh7+ Kf7 37. Rf1+ 1-0

[Event "29th British Rapid 2015"]
[Site "Leeds ENG"]
[Date "2015.11.01"]
[Round "7.2"]
[White "Ghasi, Ameet K"]
[Black "Fernandez, Daniel Howard"]
[Result "1/2-1/2"]
[WhiteTitle "IM"]
[BlackTitle "IM"]
[WhiteElo "2469"]
[BlackElo "2476"]
[WhiteFideId "409200"]
[BlackFideId "5801605"]
[EventDate "2015.10.31"]

1. Nf3 b5 2. d4 Bb7 3. Bg5 h6 4. Bh4 Qc8 5. Nbd2 c5 6. c3 a6 7. e4 d5 8. e5 e6
9. Bd3 c4 10. Bc2 Ne7 11. O-O a5 12. Re1 Nd7 13. Nf1 Nc6 14. Ne3 Nb6 15. Nd2 Kd7
16. f4 g6 17. f5 gxf5 18. Nxf5 Kc7 19. Ng3 Be7 20. Bxe7 Nxe7 21. Rf1 Qg8 22. Qh5
Rf8 23. Rf2 Bc6 24. Raf1 Be8 25. Qh4 Qg5 26. Nf3 Qxh4 27. Nxh4 b4 28. Ne2 Rfg8
29. g3 Rg5 30. Rf4 Rg7 31. R4f3 Nc6 32. Kf2 a4 33. a3 bxa3 34. bxa3 Na5 35. Ke3
Nc8 36. Nf4 Rg5 37. Nh3 Rg7 38. Nf4 Rg5 39. Ne2 Rg7 40. Ra1 Nb3 41. Ra2 Kd8 42.
h3 Ke7 43. Ng2 Nb6 44. Bb1 Bc6 45. Nef4 h5 46. h4 Nd7 47. Raf2 Rh6 48. Ke2 f6
49. Nxh5 Rxh5 50. exf6+ Nxf6 51. Rxf6 Rxg3 52. Nf4 Nc1+ 53. Kd2 Nb3+ 54. Ke2
Nc1+ 55. Kd2 Nb3+ 56. Kc2 Rf5 57. Rxf5 exf5 58. Kb2 Rg1 59. Bxf5 Rh1 60. h5 Kd6
61. Bc2 Be8 62. Bg6 Bc6 63. Re2 Rh4 64. Rf2 Na5 65. Bf7 Nb7 66. Ne2 Ke7 67. Bg6
Nd6 68. Ng3 Rh3 69. Rf3 Rh2+ 70. Kb1 Nb5 71. h6 Nxa3+ 72. Ka1 Be8 73. Bh7 Bd7
74. Bg6 Rxh6 75. Bf5 Rh2 76. Re3+ Kd6 77. Rf3 Nc2+ 78. Kb1 Ne1 79. Re3 Rg2 80.
Bxd7 Kxd7 81. Nf5 Nd3 82. Re7+ Kd8 83. Ra7 Rb2+ 84. Ka1 Rb3 85. Ne3 Nb4 86. Nd1
Nc2+ 87. Ka2 Ne1 88. Ra5 Kc7 89. Rxd5 Kb6 90. Rc5 Nd3 91. Rxc4 Nc1+ 92. Ka1 a3
93. d5 a2 94. Rb4+ Rxb4 95. cxb4 Nd3 96. Kxa2 Nxb4+ 97. Kb3 Nxd5 1/2-1/2

[Event "29th British Rapid 2015"]
[Site "Leeds ENG"]
[Date "2015.11.01"]
[Round "7.3"]
[White "Burnett, Jim"]
[Black "Jones, Steven A"]
[Result "0-1"]
[WhiteElo "2093"]
[BlackElo "2160"]
[WhiteFideId "402273"]
[BlackFideId "419630"]
[EventDate "2015.10.31"]

1. d4 Nf6 2. c4 g6 3. g3 Bg7 4. Bg2 O-O 5. Nc3 d6 6. Nf3 Nc6 7. O-O a6 8. Bf4
Rb8 9. Rc1 Bf5 10. d5 Na5 11. Nd2 b5 12. cxb5 axb5 13. e4 Bd7 14. b3 c5 15. dxc6
Nxc6 16. Qe2 Qa5 17. Nd5 e5 18. Rxc6 Nxd5 19. Rxd6 Nc3 20. Qd3 Be6 21. Be3 Rfd8
22. Kh1 Rxd6 23. Qxd6 Rd8 24. Qc5 Nxa2 25. Nf3 Qb4 26. Qb6 Rc8 27. Ng5 Bxb3 28.
Bh3 Ra8 29. Qb7 Qa5 30. Bd7 Bc4 31. Ra1 h6 32. Nf3 Qa6 33. Qc7 Qf6 34. Nd2 Qd8
35. Qc6 Ra4 36. Nxc4 Rxc4 37. Qxb5 Rb4 38. Qc6 Rb2 39. Kg2 Qa5 40. Bg4 Qc3 41.
Qa8+ Kh7 42. Rxa2 Rb1 43. Re2 Qc4 44. Qd5 Qa6 45. Qxf7 h5 46. Be6 Rb8 47. Rd2
Rf8 48. Qc7 Qxe6 49. Rd7 Qf6 50. f4 exf4 51. gxf4 Ra8 52. Bd4 Ra2+ 53. Kf3 Ra3+
54. Ke2 Qa6+ 55. Kf2 Ra2+ 56. Kg3 Qd3+ 57. Kh4 Rxh2+ 0-1

[Event "29th British Rapid 2015"]
[Site "Leeds ENG"]
[Date "2015.11.01"]
[Round "7.4"]
[White "Walton, Alan J"]
[Black "Shaw, Peter"]
[Result "1-0"]
[WhiteTitle "CM"]
[WhiteElo "2205"]
[BlackElo "2113"]
[WhiteFideId "409898"]
[BlackFideId "411361"]
[EventDate "2015.10.31"]

1. d4 d6 2. e4 Nf6 3. Nc3 c6 4. Bg5 Nbd7 5. f4 Qa5 6. Qd2 e5 7. Nf3 exd4 8. Nxd4
Be7 9. Nf5 Nxe4 10. Nxg7+ Kf8 11. Bxe7+ Kxg7 12. Nxe4 Qxd2+ 13. Kxd2 Re8 14.
Nxd6 Rxe7 15. Nf5+ Kf8 16. Nxe7 Kxe7 17. Bd3 Nf6 18. Rae1+ Kf8 19. h3 Bd7 20. g4
Kg7 21. Re5 Rd8 22. Rhe1 b6 23. Kc1 c5 24. Bc4 b5 25. g5 Nh5 26. Bxf7 Kxf7 27.
Re7+ Kf8 28. Rxh7 Be8 29. Rh8+ Kf7 30. Rxh5 1-0

[Event "29th British Rapid 2015"]
[Site "Leeds ENG"]
[Date "2015.11.01"]
[Round "8.1"]
[White "Jones, Steven A"]
[Black "Ansell, Simon T"]
[Result "1/2-1/2"]
[BlackTitle "IM"]
[WhiteElo "2160"]
[BlackElo "2360"]
[WhiteFideId "419630"]
[BlackFideId "402141"]
[EventDate "2015.10.31"]

1. e4 c5 2. Nf3 Nc6 3. d4 cxd4 4. Nxd4 e5 5. Nb5 d6 6. N1c3 a6 7. Na3 Be7 8. Nc4
b5 9. Ne3 Nf6 10. Ned5 O-O 11. g3 Rb8 12. Bg2 b4 13. Nxf6+ Bxf6 14. Nd5 Bg5 15.
Bxg5 Qxg5 16. O-O Qd8 17. Qd2 a5 18. Rfd1 Bg4 19. f3 Be6 20. c3 Bxd5 21. Qxd5
Qb6+ 22. Kh1 bxc3 23. bxc3 Rfd8 24. Qd3 Qc5 25. Rab1 g6 26. h3 Kg7 27. Rxb8 Nxb8
28. Kh2 Nc6 29. f4 Ne7 30. Rb1 exf4 31. gxf4 Qf2 32. Qd4+ Qxd4 33. cxd4 d5 34.
Rb7 Kf8 35. e5 Nf5 36. Rb5 Nxd4 37. Rxa5 Ne2 38. Bxd5 Nxf4 39. Ra8 Rxa8 40. Bxa8
Nd3 41. Bd5 Nxe5 42. a4 Nd3 43. a5 Nb4 44. Bb7 Ke7 45. a6 1/2-1/2

[Event "29th British Rapid 2015"]
[Site "Leeds ENG"]
[Date "2015.11.01"]
[Round "8.2"]
[White "Hebden, Mark L"]
[Black "Walton, Alan J"]
[Result "1-0"]
[WhiteTitle "GM"]
[BlackTitle "CM"]
[WhiteElo "2490"]
[BlackElo "2205"]
[WhiteFideId "400084"]
[BlackFideId "409898"]
[EventDate "2015.10.31"]

1. d4 d5 2. Nf3 Nf6 3. c4 c6 4. e3 e6 5. Bd3 Bd6 6. b3 O-O 7. O-O Nbd7 8. Bb2
Ne4 9. Ne5 f6 10. Nxd7 Bxd7 11. f3 Ng5 12. f4 Ne4 13. Bxe4 dxe4 14. Ba3 Bxa3 15.
Nxa3 Qe7 16. Nc2 e5 17. fxe5 fxe5 18. Qd2 Rad8 19. Rxf8+ Rxf8 20. dxe5 Bg4 21.
h3 Bh5 22. Rf1 Rxf1+ 23. Kxf1 Qxe5 24. Qd8+ Kf7 25. Qd7+ Qe7 26. Qd4 a6 27. c5
Qf6+ 28. Kg1 Bg6 29. Qb4 Qe7 30. Nd4 Kf8 31. Qc3 h6 32. Ne2 Bf7 33. Qd4 Kg8 34.
Nc3 Bg6 35. Na4 Qh4 36. Kh2 Kh7 37. Nc3 Qf2 38. Nxe4 Qxa2 39. b4 Qe6 40. Nd6 Qe7
41. Qf4 Qc7 42. Nc4 Qe7 43. h4 Bd3 44. Ne5 Bc2 45. e4 a5 46. bxa5 Qxc5 47. Qf5+
Kg8 48. Qe6+ Kh7 49. Ng6 Qf2 50. h5 Qe1 51. e5 Qb4 52. Qe8 1-0

[Event "29th British Rapid 2015"]
[Site "Leeds ENG"]
[Date "2015.11.01"]
[Round "8.3"]
[White "Keely, Leo A"]
[Black "Ghasi, Ameet K"]
[Result "0-1"]
[BlackTitle "IM"]
[WhiteElo "1950"]
[BlackElo "2469"]
[WhiteFideId "410241"]
[BlackFideId "409200"]
[EventDate "2015.10.31"]

1. e4 g6 2. Nc3 d6 3. f4 Bg7 4. Nf3 e6 5. d4 Ne7 6. Bd3 Nd7 7. O-O O-O 8. f5
exf5 9. exf5 Nf6 10. fxg6 fxg6 11. Bg5 h6 12. Bxf6 Bxf6 13. Qd2 Bg7 14. Rae1 c6
15. Ne4 Bg4 16. c3 Qd7 17. Qe2 Nd5 18. Bc4 Rae8 19. h3 Bf5 20. Nfd2 Kh8 21. g4
Bxe4 22. Rxf8+ Bxf8 23. Nxe4 Nf6 24. Qf3 Qe7 25. Nxf6 Qxe1+ 26. Kg2 Re3 27. Qf2
Qxf2+ 28. Kxf2 Re7 29. g5 hxg5 30. Ng4 Kg7 31. Bd3 Re8 32. Kf3 Be7 33. c4 Bf6
34. Nxf6 Kxf6 35. b3 Rh8 0-1

[Event "29th British Rapid 2015"]
[Site "Leeds ENG"]
[Date "2015.11.01"]
[Round "8.4"]
[White "Fernandez, Daniel Howard"]
[Black "Surtees, Mike J"]
[Result "1-0"]
[WhiteTitle "IM"]
[WhiteElo "2476"]
[BlackElo "2132"]
[WhiteFideId "5801605"]
[BlackFideId "412619"]
[EventDate "2015.10.31"]

1. d4 e6 2. Nf3 Nf6 3. Bg5 h6 4. Bxf6 Qxf6 5. e4 d6 6. c3 b6 7. d5 Be7 8. Bb5+
Bd7 9. Bxd7+ Nxd7 10. Qa4 b5 11. Qxb5 Rb8 12. Qe2 exd5 13. exd5 O-O 14. O-O Rfe8
15. Qc2 Qg6 16. Qxg6 fxg6 17. b3 Bf6 18. Rd1 a5 19. Kf1 a4 20. b4 Nb6 21. a3 Nc4
22. Ra2 Re4 23. Nbd2 Nxd2+ 24. Rdxd2 Rbe8 25. Rac2 g5 26. h3 h5 27. g3 g4 28.
hxg4 hxg4 29. Nh2 Kf7 30. c4 Kg6 31. Kg2 Bg5 32. Rd3 Kf5 33. c5 Re2 34. Rdc3
R8e4 35. cxd6 cxd6 36. b5 Rxc2 37. Rxc2 Bf6 38. b6 Re8 39. Rc4 Rb8 40. Nxg4 Bb2
41. Ne3+ Kf6 42. Rf4+ Ke7 43. Rxa4 Rxb6 44. Rb4 Rxb4 45. axb4 Bc3 46. b5 Kd7 47.
Nc4 Bd4 48. f4 Bc5 49. Kf3 1-0

[Event "29th British Rapid 2015"]
[Site "Leeds ENG"]
[Date "2015.11.01"]
[Round "9.1"]
[White "Ghasi, Ameet K"]
[Black "Jones, Steven A"]
[Result "1-0"]
[WhiteTitle "IM"]
[WhiteElo "2469"]
[BlackElo "2160"]
[WhiteFideId "409200"]
[BlackFideId "419630"]
[EventDate "2015.10.31"]

1. Nf3 Nf6 2. g3 g6 3. Bg2 Bg7 4. O-O O-O 5. d3 d6 6. e4 c5 7. Re1 Nc6 8. c3 Bg4
9. h3 Bxf3 10. Qxf3 Rc8 11. Qe2 b5 12. Be3 Nd7 13. Nd2 Nb6 14. Nf3 b4 15. Qc2
bxc3 16. bxc3 Nd4 17. Bxd4 cxd4 18. c4 Nd7 19. Rab1 Nc5 20. e5 dxe5 21. Nxe5 Qd6
22. Nf3 e6 23. Nd2 Rb8 24. Ne4 Nxe4 25. Bxe4 Qc5 26. Qa4 h5 27. h4 Bh6 28. Kg2
a5 29. Rb5 Rxb5 30. cxb5 Bd2 31. Rd1 Bc3 32. Rb1 Rb8 33. a3 Rb6 34. Qb3 Kf8 35.
Bf3 Ke7 36. a4 Bb4 37. Qd1 Bc3 38. Qe2 Qa3 39. Qe5 Qd6 40. Qg5+ Kf8 41. Qf6 Kg8
42. Rb3 Bb4 43. Rb2 e5 44. Qg5 Kg7 45. Be4 Qf6 46. Qxf6+ Kxf6 47. Bd5 Ke7 48.
Re2 f6 49. f4 Bd6 50. fxe5 Bxe5 51. Be4 Kf7 52. Rc2 f5 53. Bd5+ Kf6 54. Rc8 Bd6
55. Ra8 Bb4 56. Bc6 g5 57. hxg5+ Kxg5 58. Kf3 Be1 59. Re8 Bb4 60. Rd8 Bc3 61.
Rd5 Bb2 62. Bd7 Rf6 63. Bc6 Bc3 64. b6 Rxc6 65. b7 Rb6 66. Rb5 Rxb7 67. Rxb7 Bd2
68. Rd7 Bc3 69. Rd5 Kf6 70. Kf4 Bd2+ 71. Kf3 Bc3 72. Kg2 Kg5 73. Kh3 Kf6 74. Kh4
Ke6 75. Rb5 Be1 76. Kxh5 Bxg3 77. Rxa5 Be1 78. Rc5 f4 79. Kg4 Bd2 80. Rf5 Kd6
81. Rxf4 Kc5 82. Rf5+ 1-0

[Event "29th British Rapid 2015"]
[Site "Leeds ENG"]
[Date "2015.11.01"]
[Round "9.2"]
[White "Ansell, Simon T"]
[Black "McPhillips, Joseph"]
[Result "1/2-1/2"]
[WhiteTitle "IM"]
[WhiteElo "2360"]
[BlackElo "2368"]
[WhiteFideId "402141"]
[BlackFideId "422487"]
[EventDate "2015.10.31"]

1. e4 e6 2. d3 d5 3. Nd2 Nf6 4. Ngf3 c5 5. g3 Be7 6. Bg2 O-O 7. O-O Nc6 8. Re1
b5 9. exd5 exd5 10. a4 b4 11. Nb3 Be6 12. Be3 Nd7 13. Nfd2 Rc8 14. f4 c4 15. Nd4
Nxd4 16. Bxd4 cxd3 17. cxd3 Bf6 18. Bxf6 Qxf6 19. Nf3 Qxb2 20. Rb1 Qc3 21. Rb3
Qc5+ 22. d4 Qb6 23. Qb1 g6 24. Rxb4 Qa5 25. Qb3 Rc4 26. Rb5 Qxa4 27. Qxa4 Rxa4
28. Ng5 Rxd4 29. Nxe6 fxe6 30. Rxe6 Nb6 31. Ra5 Rf7 32. Re5 Rd7 33. Rc5 Kf7 34.
Bh3 Rb7 35. Be6+ Kg7 36. Bxd5 Rd1+ 37. Kg2 Nxd5 1/2-1/2

[Event "29th British Rapid 2015"]
[Site "Leeds ENG"]
[Date "2015.11.01"]
[Round "9.3"]
[White "Talbot, Nathan L"]
[Black "Hebden, Mark L"]
[Result "0-1"]
[BlackTitle "GM"]
[WhiteElo "2108"]
[BlackElo "2490"]
[WhiteFideId "419605"]
[BlackFideId "400084"]
[EventDate "2015.10.31"]

1. Nf3 Nf6 2. g3 g6 3. Bg2 Bg7 4. O-O O-O 5. d4 d6 6. c4 Nc6 7. Nc3 Rb8 8. e4
Bg4 9. h3 Bxf3 10. Bxf3 Nd7 11. Be3 e5 12. d5 Nd4 13. Bxd4 exd4 14. Nb5 a6 15.
Nxd4 Qf6 16. Bg4 Nc5 17. Nb3 Nxe4 18. Qc2 Rfe8 19. Rae1 Qxb2 20. Qxb2 Bxb2 21.
Re2 Bc3 22. Re3 Bb4 23. Bd7 Re7 24. a3 Bxa3 25. Nd2 Nxd2 26. Rxe7 Nxf1 27. Kxf1
Kf8 28. Re3 Bc5 29. Rb3 a5 30. Bc6 Bb4 31. Ba4 h5 32. f4 Bc5 33. Bc6 Bb6 34. Ba4
Ra8 35. Ke2 Ra7 36. Kf3 Bc5 37. f5 g5 38. Ke4 Kg7 39. g4 h4 40. Rf3 Kf6 41. Rb3
Bb4 42. Rb1 c6 43. dxc6 bxc6 44. Bxc6 Re7+ 45. Kd3 Bc5 46. Be4 a4 47. Ra1 a3 48.
Ra2 Ke5 49. Bd5 Kf4 50. f6 Re3+ 51. Kc2 Rxh3 52. Bxf7 Rh2+ 53. Kb3 Rxa2 54. Kxa2
Ke5 55. Bd5 Kxf6 56. Kb3 Ke5 57. Kc3 Kf4 0-1

[Event "29th British Rapid 2015"]
[Site "Leeds ENG"]
[Date "2015.11.01"]
[Round "9.4"]
[White "Walton, Alan J"]
[Black "Fernandez, Daniel Howard"]
[Result "0-1"]
[WhiteTitle "CM"]
[BlackTitle "IM"]
[WhiteElo "2205"]
[BlackElo "2476"]
[WhiteFideId "409898"]
[BlackFideId "5801605"]
[EventDate "2015.10.31"]

1. d4 g6 2. e4 Bg7 3. Nc3 a6 4. a4 c5 5. d5 d6 6. f3 e6 7. Bc4 Ne7 8. Nge2 exd5
9. Nxd5 Nxd5 10. Bxd5 O-O 11. O-O Nc6 12. c3 Be6 13. Bf4 Be5 14. Qd2 Bxd5 15.
Qxd5 Qb6 16. Rab1 Ne7 17. Qd2 Rad8 18. Bh6 Rfe8 19. f4 Bh8 20. f5 d5 21. fxg6
hxg6 22. Qf4 Qe6 23. Ng3 Be5 24. exd5 Rxd5 25. Qf3 Bxg3 26. Qxg3 Nf5 27. Qh3 Qe2
28. Rf2 Rd1+ 29. Rxd1 Qxd1+ 30. Rf1 Re1 0-1

[Event "29th British Rapid 2015"]
[Site "Leeds ENG"]
[Date "2015.11.01"]
[Round "10.1"]
[White "Hebden, Mark L"]
[Black "McPhillips, Joseph"]
[Result "1-0"]
[WhiteTitle "GM"]
[WhiteElo "2490"]
[BlackElo "2368"]
[WhiteFideId "400084"]
[BlackFideId "422487"]
[EventDate "2015.10.31"]

1. d4 d5 2. Nf3 Nf6 3. c4 c6 4. e3 g6 5. Nc3 Bg7 6. Be2 O-O 7. O-O dxc4 8. Bxc4
b5 9. Bd3 a5 10. h3 Ba6 11. e4 Nfd7 12. Bg5 Nb6 13. Re1 b4 14. Bxa6 Nxa6 15. Na4
Nxa4 16. Qxa4 c5 17. Rac1 cxd4 18. e5 h6 19. Bh4 g5 20. Bg3 Qd5 21. Red1 d3 22.
Qc6 Qxc6 23. Rxc6 Rfc8 24. Rxc8+ Rxc8 25. Rxd3 Nc5 26. Rd2 Ne4 27. Re2 Nxg3 28.
fxg3 e6 29. b3 a4 30. bxa4 Ra8 31. Kf2 Rxa4 32. Nd4 Bf8 33. Nb3 Ra8 34. Ke3 Rc8
35. g4 Rc3+ 36. Ke4 Kg7 37. Nd4 Ra3 38. Nb3 Ra8 39. Rc2 Rd8 40. Nd4 Rd5 41. g3
Rd7 42. h4 Be7 43. h5 Bf8 44. Nc6 Rd1 45. Rb2 Rc1 46. Nd4 Rc4 47. Rc2 Rxc2 48.
Nxc2 Bc5 49. Kd3 f6 50. Kc4 Bf2 51. exf6+ Kxf6 52. Nxb4 Bxg3 53. Nc6 e5 54. Kd5 1-0

[Event "29th British Rapid 2015"]
[Site "Leeds ENG"]
[Date "2015.11.01"]
[Round "10.2"]
[White "Woolley, Jos"]
[Black "Ghasi, Ameet K"]
[Result "0-1"]
[BlackTitle "IM"]
[WhiteElo "2093"]
[BlackElo "2469"]
[WhiteFideId "410250"]
[BlackFideId "409200"]
[EventDate "2015.10.31"]

1. Nc3 g6 2. g4 d5 3. Bg2 d4 4. Nb1 Nc6 5. h3 Bg7 6. d3 e5 7. Nd2 Nge7 8. Ne4 h6
9. g5 hxg5 10. Bxg5 f5 11. Nf6+ Kf7 12. Nd5 Qd6 13. c4 dxc3 14. Nxc3 Nd4 15. Nf3
Ne6 16. Bd2 c6 17. a3 Bf6 18. Rc1 Nf4 19. Bxf4 exf4 20. h4 Be6 21. Qc2 Kg7 22.
Na4 Bd5 23. b4 a5 24. Nb6 axb4 25. Nxa8 b3 26. Qb1 Rxa8 27. h5 g5 28. h6+ Kh7
29. Rh5 Bxf3 30. Bxf3 Rxa3 31. Rxg5 Bxg5 32. Qb2 Bf6 0-1

[Event "29th British Rapid 2015"]
[Site "Leeds ENG"]
[Date "2015.11.01"]
[Round "10.3"]
[White "Fernandez, Daniel Howard"]
[Black "Bak, Andrew"]
[Result "1/2-1/2"]
[WhiteTitle "IM"]
[WhiteElo "2476"]
[BlackElo "2026"]
[WhiteFideId "5801605"]
[BlackFideId "421138"]
[EventDate "2015.10.31"]

1. d4 d5 2. Nf3 Nf6 3. c4 c6 4. Bg5 Ne4 5. Bf4 Qa5+ 6. Nbd2 Bf5 7. e3 e6 8. a3
Nd7 9. b4 Qd8 10. Nxe4 Bxe4 11. c5 Be7 12. Bd3 Nf6 13. O-O Bxd3 14. Qxd3 Nh5 15.
b5 Nxf4 16. exf4 Qc7 17. g3 O-O 18. Rab1 b6 19. bxc6 Qxc6 20. Qa6 Qc8 21. Qxc8
Rfxc8 22. cxb6 axb6 23. Rxb6 Rxa3 24. Kg2 Ra7 25. Rfb1 Bf6 26. Rb8 Rc7 27. R1b7
g6 28. g4 Rxb7 29. Rxc8+ Kg7 30. g5 Be7 31. Kg3 Bd6 32. Rd8 Be7 33. Re8 Bd6 34.
Rd8 Be7 35. Rc8 Bd6 36. Rc6 Bb8 37. h4 h6 38. gxh6+ Kxh6 39. Kg4 Kg7 40. Rc8 Bd6
41. Rc1 Bb8 42. Rh1 Ba7 43. h5 gxh5+ 44. Kxh5 Rb4 45. Rd1 Rb2 46. Rg1+ Kf6 47.
Ra1 Bb8 48. Ne5 Bxe5 49. fxe5+ Kf5 50. Ra7 Ke4 51. Rxf7 Kxd4 52. f4 Ke4 53. Kg5
d4 54. Rd7 Rb5 55. Kf6 Rd5 56. Rxd5 Kxd5 57. f5 d3 58. fxe6 d2 59. e7 d1=Q 60.
e8=Q Qf3+ 61. Kg5 Qg3+ 62. Kf5 Qf3+ 63. Kg5 Qg3+ 1/2-1/2

[Event "29th British Rapid 2015"]
[Site "Leeds ENG"]
[Date "2015.11.01"]
[Round "10.4"]
[White "Talbot, Mark A"]
[Black "Ansell, Simon T"]
[Result "0-1"]
[BlackTitle "IM"]
[WhiteElo "2027"]
[BlackElo "2360"]
[WhiteFideId "416401"]
[BlackFideId "402141"]
[EventDate "2015.10.31"]

1. c4 e5 2. g3 Nc6 3. Nc3 g6 4. e4 Bg7 5. Bg2 d6 6. Nge2 Be6 7. d3 Qd7 8. O-O h5
9. Nd5 Nce7 10. Be3 c6 11. Ndc3 Nf6 12. b3 d5 13. cxd5 cxd5 14. d4 Nxe4 15. Nxe4
dxe4 16. dxe5 Bxe5 17. Bd4 Bxd4 18. Qxd4 O-O 19. Qxd7 Bxd7 20. Bxe4 Bc6 21. Bg2
Rac8 22. Rac1 Rfd8 23. Nf4 Rd2 24. Rfe1 Kf8 25. Re2 Rcd8 26. Bxc6 Rxe2 27. Nxe2
Nxc6 28. Rc2 a5 29. Kg2 Rd5 30. Nf4 Rd1 31. h4 Ke7 32. a3 Kd6 33. Rc3 Ne5 34. b4
axb4 35. axb4 Rd4 36. Rc5 b6 37. Rb5 Nd7 38. Ne2 Rc4 39. Nf4 Kc6 40. Rg5 Rxb4
41. Nd3 Rb5 42. Rxb5 Kxb5 43. Kf3 Kc4 44. Ke3 b5 45. f3 b4 46. g4 b3 47. gxh5
gxh5 48. Nb2+ Kc3 49. Na4+ Kc2 50. Kd4 Kd2 51. Kd5 Ke3 52. Kd6 Nf8 53. Ke7 Ng6+
54. Kf6 Kxf3 55. Kg5 Nf4 56. Nb2 Ke4 57. Nc4 Kd3 58. Nb2+ Kc2 59. Nc4 Nd5 60.
Kxh5 Kc3 61. Na3 Kb4 62. Nb1 b2 63. Kg5 Nc3 64. h5 Nxb1 65. h6 Nc3 66. h7 b1=Q
67. h8=Q Qg6+ 68. Kh4 Qe4+ 69. Kg3 Ne2+ 70. Kh2 Qf4+ 71. Kg2 Qg4+ 72. Kf1 Ng3+
73. Kf2 Qf4+ 74. Kg2 Ne4 75. Qd4+ Kb5 76. Qd5+ Nc5 77. Kg1 f5 78. Qd8 Qe3+ 79.
Kh1 f4 80. Qb8+ Kc4 81. Qg8+ Kc3 82. Qg7+ Qd4 83. Qf8 Kd2 84. Qf7 Ke3 85. Kg2
Nd3 86. Kh1 Nf2+ 87. Kg2 Qe4+ 88. Kh2 Qh1# 0-1

[Event "29th British Rapid 2015"]
[Site "Leeds ENG"]
[Date "2015.11.01"]
[Round "11.1"]
[White "Keely, Roger"]
[Black "Hebden, Mark L"]
[Result "0-1"]
[BlackTitle "GM"]
[WhiteElo "2040"]
[BlackElo "2490"]
[WhiteFideId "408263"]
[BlackFideId "400084"]
[EventDate "2015.10.31"]

1. e4 e5 2. Nf3 Nc6 3. Bb5 a6 4. Ba4 Nf6 5. O-O Be7 6. Bxc6 dxc6 7. Qe1 Nd7 8.
d4 exd4 9. Nxd4 O-O 10. Nf5 Bf6 11. Nc3 Re8 12. Ng3 Nc5 13. f3 Ne6 14. Be3 Nd4
15. Rd1 c5 16. Qf2 Be6 17. Nh5 Bh4 18. g3 Be7 19. Kh1 f5 20. Nf4 Bf7 21. Ncd5
fxe4 22. Nxe7+ Qxe7 23. Bxd4 cxd4 24. Rxd4 exf3 25. Qxf3 c6 26. Kg1 Rad8 27.
Rxd8 Rxd8 28. Nd3 Bd5 29. Qf4 Bxa2 30. Re1 Qf7 31. Qb4 Bd5 32. Nf4 Rd7 33. b3 h6
34. c4 Bf3 35. Qc3 Bg4 36. Rf1 Rd1 37. Rxd1 0-1